| 000 | 00654nam a2200205 i 4500 | ||
|---|---|---|---|
| 001 | bgj | ||
| 100 | 1 | _aPIOUS, Richards M. | |
| 245 | 1 | 0 |
_aAmerican politics and government / _cRichards M. Pious. |
| 260 |
_aNew York : _bMcGraw-Hill Book, _ccop. 1986. |
||
| 300 |
_aXVI, 736 pp : _bfig., ill. ; _c27 cm. |
||
| 505 | _aIncl. The Constitution of the United States and The Declaration of Independence. | ||
| 505 | _aIndex pp 721-736. | ||
| 650 | 9 |
_aUnited States _xPolitics and government |
|
| 020 | _a0070501211 (hbk) | ||
| 040 | _cBPK | ||
| 041 | 0 | _aeng | |
| 920 | _a0-07-050121-1 (hbk) | ||
| 942 | _cKS | ||
| 008 | s uk f |000 0 eng | ||
| 999 |
_c41284 _d41284 |
||
| 856 |
_uhttp://koha.tu.koszalin.pl/cgi-bin/koha/opac-detail.pl?biblionumber=41284 _yKatalog online BPK |
||